Реализация протокола МЭК 61850 Sampled Values на микроконтроллере для организации сети передачи измерительных данных в составе цифровой подстанции; Бутаковские чтения

Bibliographic Details
Parent link:Бутаковские чтения.— 2024.— С. 61-65
Main Author: Ахтырский К. А.
Other Authors: Кабиров В. А. (научный руководитель), Семенов В. Д.
Summary:Текстовый файл
Language:Russian
Published: 2024
Subjects:
Online Access:http://earchive.tpu.ru/handle/11683/84975
Format: Electronic Book Chapter
KOHA link:https://koha.lib.tpu.ru/cgi-bin/koha/opac-detail.pl?biblionumber=678871

MARC

LEADER 00000naa2a2200000 4500
001 678871
005 20250318121510.0
090 |a 678871 
100 |a 20250227d2024 k||y0rusy50 ca 
101 0 |a rus 
102 |a RU 
135 |a drcn ---uucaa 
200 1 |a Реализация протокола МЭК 61850 Sampled Values на микроконтроллере для организации сети передачи измерительных данных в составе цифровой подстанции  |f К. А. Ахтырский, В. А. Кабиров  |g науч. рук. В. Д. Семенов 
283 |2 RDAcarrier 
320 |a Список литературы: 11 назв 
336 |a Текстовый файл 
463 1 |0 678854  |9 678854  |t Бутаковские чтения  |o сборник статей IV Всероссийской с международным участием молодёжной конференции, 10-12 декабря 2024 г., Томск  |n Изд-во ТПУ  |c Томск  |d 2024  |a Ивашутенко, А. С. (специалист в области электротехники ; 1981-)  |u conference_tpu-2024-C133.pdf  |v С. 61-65 
545 1 |a Цифровизация в электроэнергетике и интеллектуальные энергосистемы 
610 1 |a труды учёных ТПУ 
610 1 |a электронный ресурс 
610 1 |a цифровые подстанции 
610 1 |a передача данных 
610 1 |a протокол Sampled Values 
700 1 |a Ахтырский  |b К. А. 
701 |a Кабиров  |b В. А. 
702 1 |a Семенов  |b В. Д.  |4 727 
801 0 |a RU  |b 63413507  |c 20250227 
850 |a 63413507 
856 4 |u http://earchive.tpu.ru/handle/11683/84975  |z http://earchive.tpu.ru/handle/11683/84975 
942 |c CF